| 000 | 01722cam a22003375a 4500 | ||
|---|---|---|---|
| 001 | 17569122 | ||
| 005 | 20151214132505.0 | ||
| 008 | 121220s2013 nyu frb f001 0 eng d | ||
| 020 | _a9780691158341 (pbk.) | ||
| 020 | _a0691158347 (pbk.) | ||
| 040 |
_aUKMGB _beng _cUKMGB _dYDXCP _dOCLCO _dBDX _dBWX _dCDX _dYBM _dOQX _dNDD _dDLC _dEG-ScBUE |
||
| 082 | 0 | 4 |
_a305.42 _222 _bOKI |
| 100 | 1 |
_aOkin, Susan Moller. _938904 |
|
| 245 | 1 | 0 |
_aWomen in Western political thought / _cSusan Moller Okin ; with a new introduction by Debra Satz. |
| 260 |
_aPrinceton ; _aOxford : _bPrinceton University Press, _c2013. |
||
| 300 |
_axviii, 413 p. ; _c22 cm. |
||
| 500 | _aOriginally published : 1979. | ||
| 500 | _aIndex : p. 399-413. | ||
| 504 | _aBibliography : p. 387-397. | ||
| 505 | 0 | _aI. Plato -- Plato and the Greek tradition of Misogyny -- Philosopher queens and private wives -- Female nature and social structure -- II. Aristotle -- Woman's place and nature in a functionalist world -- III. Rousseau -- Rousseau and the modern patriarchal tradition -- The natural woman and her role -- Equality and freedom--for men -- The fate of Rousseau's heroines -- IV. Mill -- John Stuart Mill, liberal feminist -- V. Functionalism, feminism and the family -- Women and functionalism, past and present -- Persons, women and the law -- Conclusions. | |
| 600 | 0 | 0 | _aPlato. |
| 600 | 1 | 0 |
_aRousseau, Jean-Jacques, _d1712-1778. _910456 |
| 600 | 1 | 0 |
_aMill, John Stuart, _d1806-1873. _911002 |
| 650 | 0 |
_aWomen _xPhilosophy _xHistory. _2BUEsh |
|
| 650 | 0 |
_aSex role. _2BUEsh |
|
| 650 | 0 |
_aFeminism. _2BUEsh |
|
| 651 | _2BUEsh | ||
| 653 |
_bBUSBOL _cJuly2015 _cDecember2015 |
||
| 700 | 1 |
_aSatz, Debra, _eauthor of introduction, etc. |
|
| 942 | _2ddc | ||
| 999 |
_c20292 _d20264 |
||